|
|
|
|
| LEADER |
00000nam a22000007a 4500 |
| 005 |
20200702003723.0 |
| 007 |
cr|||| |||| |
| 008 |
200702s2015 br |||||s|||| 00||0 por d |
| 020 |
|
|
|a 978-85-8248-030-4
|
| 035 |
|
|
|a 31775
|
| 040 |
|
|
|a vLex
|
| 090 |
|
|
|c 10610
|d 10610
|
| 100 |
1 |
|
|a Junqueira Ramos, William
|
| 245 |
1 |
1 |
|a A Advocacia-Geral da Uniô e a Defesa do Interesse Pb︢lico Primr̀io
|h [Recurso electrn̤ico] :
|b Evoluȯ̂ e Perspectivas /
|c William Junqueira Ramos
|
| 256 |
|
|
|a Servicio en ln̕ea
|
| 260 |
|
|
|a San Pablo:
|b Letras Jurídicas Editora,
|c 2015
|
| 300 |
|
|
|a 1 recurso electrn̤ico
|
| 500 |
|
|
|a A Advocacia-Geral da Uniô foi criada em 1988 pela Constituiȯ̂ Federal para representar judicial e extrajudicialmente a Uniô, compreendendo os atos praticados pelos trs̊ Poderes da Repb︢lica (Legislativo, Executivo e Judicir̀io), com atribuiȯ̂, tambm̌, de prestar consultoria e assessoramento jurd̕icos somente ao Poder Executivo. Apesar da novidade e importńcia da Advocacia-Geral da Uniô, ela somente veio a ser efetivamente regulamentada quase cinco anos depois de sua criaȯ̂, com a Lei Complementar nð 73, de 10 de fevereiro de 1993.
|
| 506 |
1 |
|
|a Disponible solo en los productos indicados
|d vLex Global
|d vLex Global (Academic Edition, excluding Law Schools)
|d vLex Global (U.S. Academic Edition, Law Schools)
|d vLex Global (U.S. Academic Edition, excluding Law Schools)
|d vLex Global (Academic Edition, Law Schools)
|
| 650 |
0 |
4 |
|a Seguridad Social
|z Brasil
|
| 740 |
0 |
|
|a vLex Libros (Servicio en ln̕ea)
|
| 856 |
4 |
0 |
|u http://vlex.com/source/advocacia-geral-da-uni-o-e-a-defesa-do-interesse-publico-primario-evolu-o-e-perspectivas-31775
|z Acceso restringido
|
| 942 |
|
|
|c BOOK
|
| 999 |
0 |
|
|a Social Security
|